| 000 | 00472pam a2200169 a 4500 | ||
|---|---|---|---|
| 020 |
_a81-297-0409-9 _cPAPER BACK |
||
| 041 | _h | ||
| 082 |
_a004.019 _bDIX/FIN |
||
| 100 | _aDIX A., FINLAY J., ABOWD G. D. AND BEALE R. | ||
| 245 |
_aHUMAN COMPUTER INTERACTION 3RD ED _hTextual Documents |
||
| 250 | _a01-01-2005 | ||
| 260 | _bPEARSON EDUCATION, DELHI | ||
| 300 |
_aXXV/834 _c24 X 18 |
||
| 500 | _a11020 | ||
| 653 | _aHUMAN COMPUTER INTERFACE (T.E.-II) | ||
| 930 | _a10563 | ||
| 999 |
_c53788 _d53788 |
||